Логическое программирование в системе/360: перевод с анлийского

Chi tiết về thư mục
Tác giả chính: Стэбли Д.
Tác giả khác: Райков Л. Д. (редактор), Шура-Буры М. Р.
Tóm tắt:Доп. тит. лист
Ngôn ngữ:Tiếng Nga
Được phát hành: Москва, Мир, 1979
Phiên bản:издание 2-е, стереотип.
Những chủ đề:
Định dạng: Sách
KOHA link:https://koha.lib.tpu.ru/cgi-bin/koha/opac-detail.pl?biblionumber=72307

MARC

LEADER 00000nam0a2200000 4500
001 72307
005 20231031083335.0
035 |a (RuTPU)RU\TPU\book\77091 
090 |a 72307 
100 |a 20050117d1979 k y0rusy50 ca 
101 0 |a rus  |c ger 
102 |a RU 
105 |a a z 001zy 
200 1 |a Логическое программирование в системе/360  |e перевод с анлийского  |f Д. Стэбли  |g Под ред. Л. Д. Райков, М. Р. Шура-Буры 
205 |a издание 2-е, стереотип. 
210 |a Москва  |c Мир  |d 1979 
215 |a 752 с.  |c ил. 
300 |a Доп. тит. лист 
320 |a Предметный указатель: с. 744-748. 
610 1 |a вычислительная техника 
610 1 |a программирование 
610 1 |a языки программирования 
610 1 |a язык Ассемблера 
610 1 |a методы доступа 
675 |a 681.3.06  |v 3 
700 1 |a Стэбли  |b Д. 
702 1 |a Райков  |b Л. Д.  |4 340 
702 1 |a Шура-Буры  |b М. Р.  |4 340 
801 1 |a RU  |b 63413507  |c 20050117  |g PSBO 
801 2 |a RU  |b 63413507  |c 20160826  |g PSBO 
942 |c BK